000 00320nam a22001457a 4500
003 SGT
020 _a978-81-909385-7-0
100 _aCHAUDHRY. S
245 _aHUMAN ANATOMY & PHYSIOLOGY
250 _a1st
260 _aS. VIKASH
_bPUNJAB
_c2018
650 _a PHYSIOLOGY
653 _aHUMAN, ANATOMY
942 _2ddc
_cBK
999 _c24713
_d24713